Geography Quiz

Random Geography or City Quiz
Score 0/36 Timer 10:00
0 Plays Today
Population Urban Area % Correct
13,470,000Karachi, Pakistan
95.5%
12,960,000Kinshasa, DRC
94.4%
15,215,000Kolkata, India
93.4%
2,835,000Kiev, Ukraine
93.4%
1,735,000Kansas City, USA
90.6%
5,685,000Khartoum, Sudan
85.8%
7,860,000Kuala Lumpur, Malaysia
85.4%
2,895,000Kampala, Uganda
85.1%
1,585,000Kharkiv, Ukraine
85.1%
3,980,000Kano, Nigeria
84.4%
1,270,000Kigali, Rwanda
80.2%
3,960,000Kabul, Afghanistan
77.4%
3,730,000Kunming, China
76.7%
4,600,000Kuwait City, Kuwait
75.6%
2,155,000Katowice, Poland
74%
3,175,000Kanpur, India
73.6%
1,205,000Kazan, Russia
73.3%
2,565,000Kaohsiung, Taiwan
70%
Population Urban Area % Correct
3,045,000Kathmandu, Nepal
68.4%
2,810,000Kochi, India
67.7%
1,070,000Krasnoyarsk, Russia
66.7%
3,325,000Kumasi, Ghana
66%
900,000Krasnodar, Russia
64.6%
1,170,000Kaduna, Nigeria
62.5%
1,760,000Kitakyushu, Japan
56.3%
1,245,000Konya, Turkey
54.5%
1,155,000Kota, India
45.1%
1,170,000Kisangani, DRC
44.4%
1,370,000Kananga, DRC
38.5%
900,000Kaifeng, China
38.5%
1,005,000Khulna, Bangladesh
37.2%
1,105,000Kayseri, Turkey
33%
3,045,000Kozhikode, India
26.7%
1,610,000Kollam, India
22.2%
980,000Kermanshah, Iran
19.1%
1,055,000Kashi, China
18.8%
Remove Ads.
Support Sporcle.
Get the best of Sporcle when you Go Orange. This ad-free experience offers more features, more stats, and more fun while also helping to support Sporcle. Thank you for becoming a member.

You're not logged in!

Compare scores with friends on all Sporcle quizzes.
OR
Log In

Show Comments

Extras

Top Quizzes Today


Score Distribution

Your Account Isn't Verified!

In order to create a playlist on Sporcle, you need to verify the email address you used during registration. Go to your Sporcle Settings to finish the process.

Report this User

Report this user for behavior that violates our Community Guidelines.

Details: